Introduction to addictive behaviors (Record no. 5394)
[ view plain ]
| 000 -LEADER | |
|---|---|
| fixed length control field | 00616nam a2200217Ia 4500 |
| 020 ## - INTERNATIONAL STANDARD BOOK NUMBER | |
| ISBN | 1-59385-278-9 |
| 082 ## - DEWEY DECIMAL CLASSIFICATION NUMBER | |
| Classification number | 616.86 THO-I |
| 100 ## - MAIN ENTRY--AUTHOR NAME | |
| Personal name | Thombs, Dennis L. |
| 245 #0 - TITLE STATEMENT | |
| Title | Introduction to addictive behaviors |
| 250 ## - EDITION STATEMENT | |
| Edition statement | 3rd |
| 260 ## - PUBLICATION, DISTRIBUTION, ETC. (IMPRINT) | |
| Place of publication | New York |
| Name of publisher | The Guilford Press |
| Year of publication | 2006 |
| 300 ## - PHYSICAL DESCRIPTION | |
| Number of Pages | xiii, 322 |
| 440 ## - SERIES STATEMENT/ADDED ENTRY--TITLE | |
| Title | Guilford substance abuse series |
| 504 ## - BIBLIOGRAPHY, ETC. NOTE | |
| Bibliography, etc | includes index |
| 650 ## - SUBJECT ADDED ENTRY--TOPICAL TERM | |
| Topical Term | Substance abuse |
| Form subdivision | Etiology |
| 650 ## - SUBJECT ADDED ENTRY--TOPICAL TERM | |
| Topical Term | Substance abuse |
| Form subdivision | Treatment |
| 650 ## - SUBJECT ADDED ENTRY--TOPICAL TERM | |
| Topical Term | Substance-Related disorders |
| Form subdivision | Etiology |
| 650 ## - SUBJECT ADDED ENTRY--TOPICAL TERM | |
| Topical Term | Sustance-Related disorders |
| Form subdivision | Therapy |
| 700 ## - ADDED ENTRY--PERSONAL NAME | |
| Personal name | Blane, Howard T |
| 942 ## - ADDED ENTRY ELEMENTS (KOHA) | |
| Koha item type | Books |
| Withdrawn status | Lost status | Damaged status | Not for loan | Home library | Current library | Date acquired | Source of acquisition | Bill Date | Full call number | Accession Number | Price effective from | Koha item type |
|---|---|---|---|---|---|---|---|---|---|---|---|---|
| NASSDOC Library | NASSDOC Library | 24/01/2007 | VIBHA | 2006-12-18 | 616.86 THO-I | 43129 | 18/04/2019 | Books |
